| 000 | 00783nam a2200241 a 4500 | ||
|---|---|---|---|
| 001 | BRCA_6859 | ||
| 005 | 20190320205622.0 | ||
| 008 | 101111s1852----enka######---#000-0#eng-# | ||
| 041 | _aeng | ||
| 044 | _aenk | ||
| 050 | 4 |
_aF1210 _b.M38 1852 |
|
| 245 | 1 | 0 |
_aPictures of life in Mexico _cby R. H. Mason ; with illustrations by the author. |
| 260 |
_aLondres _bS. Elder & Co. _c1852 |
||
| 300 |
_a2 v. _bil. _c21 cm. |
||
| 500 | _aEstado físico: v.1. lomo roto, cubierta y algunas páginas desprendidas.-- v.2. lomo roto y cubiertas desprendidas | ||
| 500 | _aO47 | ||
| 650 | 1 | 4 |
_aViajeros ingleses _97018 |
| 651 | 4 |
_aMéxico _xDescripción y viajes _9103 |
|
| 651 | 4 |
_aMéxico _xVida social y costumbres _9769 |
|
| 700 | 1 |
_aMason, R. H. _917092 |
|
| 902 | _aGFM | ||
| 942 |
_2lcc _cB |
||
| 999 |
_c6541 _d6541 |
||